| 000 | 00698-am-a2200193-a-4500 | ||
|---|---|---|---|
| 001 | YSU0197444 | ||
| 003 | AM-YEHGA | ||
| 005 | 20250617163845.0 | ||
| 008 | 010225s1962 xxu 000 0 rus u | ||
| 020 | _c00.48 | ||
| 040 | _aAM-YeHGA | ||
| 100 | 1 | 0 | _aКостарева, З.Г. |
| 245 | 1 | 0 |
_aЭлементы векторной алгебры _bАналитическая геометрия в пространстве : Письменные лекции / _cЗ.Г. Костарева |
| 260 | 0 |
_aЛ. : _bБ. и. , _c1962. |
|
| 300 | _a152 с. | ||
| 650 | 4 | _aАлгебра | |
| 710 | 2 | _aСеверо-Западный заочный политехнический ин-т | |
| 090 | _c517506 | ||
| 999 |
_c513984 _d513984 |
||